000 00479nam a2200169Ia 4500
008 240729s9999 xx 000 0 und d
022 _a2347-3746
245 0 _aJournal of Orthopedics, Traumatology and Rehabilitation
260 _aIndia
260 _bWolters Kluwer Medknow Publications
650 _a Orthopedic surgery
650 _a Surgery
650 _aMedicine
856 _uhttps://doaj.org/toc/32ad9b0b78134b0fb945b980b87f546f
942 _2ddc
942 _cDOAJEJ
999 _c70301
_d70301
945 _a1
_bMadushi Gamage
_c1
_dMadushi Gamage